LEADER 01287nam a2200229 i 4500 001 000000001564 003 CaOOAMICUS 005 20180830125435.0 008 180830s1991 it u000 u ita u 040 $aSeMil$bita 100 1 $aVilanova, Evangelista <1927-2005>.$0(OLS)http://semarc/name/1412 240 10$aHistoria de la teologķa cristiana.$0(OLS)http://semarc/title/2546 245 10$aStoria della teologia cristiana /$cEvangelista Vilanova ; [trad. di Carlo Chiecchi, revisione e cura dell'edizione italiana di Stefano Cavallotto]. 260 $aRoma :$bBorla,$c1991-1995. 300 $a3 v. ;$c25 cm. 650 4$aTeologia cristiana - Storia.$0(OLS)http://semarc/subject/568 700 1 $aCavallotto, Stefano,$c.$0(OLS)http://semarc/name/1413 774 0 $aVilanova, Evangelista <1927-2005>$tDalle origini al 15. secolo.$dRoma : Borla, 1991.$z88-263-0829-2$g1$w()40832 774 0 $aVilanova, Evangelista <1927-2005>$tPreriforma, Riforme, Controriforma.$dRoma : Borla, 1994.$z88-263-0888-8$g2$w()193001 774 0 $aVilanova, Evangelista <1927-2005>$tSecoli 18., 19. e 20..$dRoma : Borla, 1995.$z88-263-0889-6$g3$w()193005 996 $6245$aStoria della teologia cristiana$9(OLS)http://semarc/title/2545 996 $6260$aRoma :$bBorla$9(OLS)http://semarc/publisher/29677 LEADER 01083nam a2200253 i 4500 001 000000120347 003 CaOOAMICUS 005 20031118000000.0 008 031118s1989 it u000 u ita u 013 $a93041 040 $aSeMil$bita 245 10$aSalvatore Colombo :$bvescovo e martire della caritą. 260 $aMilano :$bEdizioni Biblioteca Francescana,$c1989. 300 $a43 p. :$bill. ;$c24 cm. 490 0 $aQuaderni della Provincia Lombarda dei Frati Minori ;$v3 500 $aFondo Card. C.M. Martini. 600 14$aColombo, Salvatore .$0(OLS)http://semarc/subject/22650 830 0$aQuaderni della Provincia Lombarda dei Frati Minori ;$v3.$0(OLS)http://semarc/title/13921 850 $aSeMil 852 $aSeMil$W1$xVenegono$y1$m3J V 31$j75534$B75534$CSeMilBibl$Z2$F94231 $81 941 1 $a4 961 $aOmaggio: Martini Card. Carlo Maria 996 $6245$aSalvatore Colombo :$bvescovo e martire della caritą$9(OLS)http://semarc/title/177093 996 $6260$aMilano :$bEdizioni Biblioteca Francescana$9(OLS)http://semarc/publisher/29947